000 00640nam a2200217 a 4500
001 18255
003 CO-ViMGA
008 141112s2004 ck r 000 u spa d
020 _a9589433863
040 _aCO-ViMGA
_bspa
_cCO-ViMGA
082 0 4 _aMEVIECAR.6424 D124e
100 1 _aDackar, Henry
_926005
245 1 0 _aExcel 2000
260 _aBogotá,
_cProducciones Henry Dackar Ltda. 1999
300 _a94 p.
490 _aCursos Autoasistidos de Computacion; serie Gestion Basica Office 2000
590 _aForma de adquisición : premio Min - cultura
650 1 4 _aEXCEL
_950593
650 1 4 _aHOJAS DE CALCULO
_926006
942 _2ddc
_cBK
999 _c27608
_d27608